Non-signatory States in International Refugee Law /
Non-signatory States in International Refugee Law explores the relationship between the international refugee regime and states that are non-signatory to the 1951 Convention relating to the Status of Refugees and its 1967 Protocol. The collection examines how these instruments play a central role in...
Other Authors: , ,
Format: eBook
Language: English
Published:
Leiden ; Boston :
Brill | Nijhoff,
2025.
Series:
Human Rights and Humanitarian Law E-Books Online, Collection 2026.
International Refugee Law Series ;
22.
Subjects:
Online Access: Login to view Source
Tags: Add Tag
Call Number: JC571
| LEADER | 02580nam a22005178i 4500 | ||
|---|---|---|---|
| 001 | BRILL9789004710306 | ||
| 003 | nllekb | ||
| 005 | 20251023165846.0 | ||
| 006 | m d | ||
| 007 | cr un uuuua | ||
| 008 | 250606s2025 gw sb 001 0 eng d | ||
| 020 | |a 9789004710306 |q (electronic book) | ||
| 020 | |z 9789004710290 |q (print) | ||
| 024 | 7 | |a 10.1163/9789004710306 |2 DOI | |
| 035 | |z (OCoLC)1512953050 | ||
| 040 | |a NL-LeKB |c NL-LeKB |e rda | ||
| 041 | |a eng | ||
| 050 | 4 | |a JC571 | |
| 072 | 7 | |a LAW |x 051000 |2 bisacsh | |
| 072 | 7 | |a LBBR |2 bicssc | |
| 072 | 7 | |a POL |x 035010 |2 bisacsh | |
| 082 | 0 | 4 | |a 323 |2 23 |
| 245 | 0 | 0 | |a Non-signatory States in International Refugee Law / |c edited by Maja Janmyr, Özlem Gürakar Skribeland, and Arjumand Bano Kazmi. |
| 264 | 1 | |a Leiden ; |a Boston : |b Brill | Nijhoff, |c 2025. | |
| 264 | 4 | |c ©2025 | |
| 300 | |a 1 online resource (229 pages) : |b illustrations. | ||
| 336 | |a text |b txt |2 rdacontent | ||
| 337 | |a computer |b c |2 rdamedia | ||
| 338 | |a online resource |2 rdacarrier | ||
| 490 | 1 | |a Human Rights and Humanitarian Law E-Books Online, Collection 2026 | |
| 490 | 1 | |a International Refugee Law Series ; |v 22 | |
| 504 | |a Includes bibliographical references and index. | ||
| 520 | |a Non-signatory States in International Refugee Law explores the relationship between the international refugee regime and states that are non-signatory to the 1951 Convention relating to the Status of Refugees and its 1967 Protocol. The collection examines how these instruments play a central role in shaping responses to refugees. It unpacks the ways in which international refugee law manifests itself in non-signatory states and how those states in turn contribute to its development. The contributions are legally informed and richly contextualized, providing empirical, conceptual, critical and historical insights into how and why the Refugee Convention matters globally. | ||
| 546 | |a English | ||
| 588 | |a Description based on print version record. | ||
| 650 | 0 | |a Human rights. | |
| 650 | 0 | |a International Law. | |
| 700 | 1 | |a Janmyr, Maja, |e editor. | |
| 700 | 1 | |a Kazmi, Arjumand Bano, |e editor. | |
| 700 | 1 | |a Skribeland, Özlem Gürakar, |e editor. | |
| 776 | 0 | 8 | |i Print version: |t Non-signatory States in International Refugee Law. |d Leiden ; Boston : Brill | Nijhoff, 2025. |z 9789004710290 |
| 830 | 0 | |a Human Rights and Humanitarian Law E-Books Online, Collection 2026. | |
| 830 | 0 | |a International Refugee Law Series ; |v 22. | |
| 856 | 4 | |z DOI: |u http://dx.doi.org/10.1163/9789004710306 | |
| 942 | |2 lcc |c EBOOK | ||
| 999 | |c 61303 |d 61303 | ||
